Futurama Characters Quiz Stats

 Plays Quiz Updated Mar 27, 2018

Score 0/30 Timer 07:00
1 Play Today
Character % Correct
Bender
97.1%
Philip J. Fry
95.9%
Turanga Leela
86.4%
Doctor Zoidberg
78.5%
Amy Wong
75%
Richard Nixon
74.4%
Mom
69.6%
Hermes Conrad
65.1%
Nibbler
61.7%
Hypnotoad
61%
Hubert J. Farnsworth
60.2%
Kif Kroker
58.5%
Robot Devil
57.5%
Scruffy
55.3%
Zapp Brannigan
52.3%
Character % Correct
Calculon
52.3%
Robot Santa
47.4%
Flexo
38.8%
Elzar
33.9%
Morbo
32.3%
Lrrr
30.6%
Cubert Farnsworth
29.2%
Dr. Wernstrom
25.9%
Roberto
22.1%
Tinny Tim
19.4%
LaBarbara Conrad
17.9%
Dwight Conrad
14.5%
Linda
13.9%
Judge Whitey
11%
Smitty
6.8%

You're not logged in!

Compare scores with friends on all Sporcle quizzes.
OR
Log In

Sporcle TV

Today on Sporcle TV


Watch our educational content, quiz creation guides, and fun videos on Sporcle TV.

Show Comments

Extras

Top Quizzes Today


Score Distribution

Your Account Isn't Verified!

In order to create a playlist on Sporcle, you need to verify the email address you used during registration. Go to your Sporcle Settings to finish the process.

Report this User

Report this user for behavior that violates our Community Guidelines.

Details: